LEADER 02394nam 2200457 450 001 9910467879803321 005 20200520144314.0 010 $a983-861-671-0 035 $a(CKB)4340000000262935 035 $a(MiAaPQ)EBC5338771 035 $a(Au-PeEL)EBL5338771 035 $a(CaPaEBR)ebr11540295 035 $a(OCoLC)1031339308 035 $a(EXLCZ)994340000000262935 100 $a20180430d2013 uy 0 101 0 $amay 135 $aurcnu|||||||| 181 $ctxt$2rdacontent 182 $cc$2rdamedia 183 $acr$2rdacarrier 200 10$aJalan ke taman $eesei-esei penghargaan untuk Profesor Ali Ahmad /$feditor, Jelani Harun 210 1$aPalau Pinang :$cPenerbit Universiti Sains Malaysia,$d2013. 215 $a1 online resource (viii, 169 pages) 225 0 $aSiri kecetakan akademik / Penerbit USM 311 $a983-861-520-X 320 $aIncludes bibliographical references and index. 327 $aBahasa hikayat, lenggang-lenggok bahasa Melayu klasik / Siti Hawa Haji Salleh -- Periwayat Sulalatus salatin dan dunia interteks / Noriah Taslim -- Kreativiti dan peperangan dalam Sejarah Melayu dan Tuhfat al-nafis / Mohamad Luthfi Abdul Rahman -- Hikayat Prang Sabi, mencari syurga di medan perang / Nur?ainy M. Ali -- Estetika Melayu dalam Sejarah Melayu / Zakaria Ali -- Misa Melayu, sastera sejarah dari Istana Perak / Zubir Idris -- Hikayat Merong Mahawangsa, pemindahan jurai keturunan dari prosa ke puisi / Shaiful Bahri Md. Radzi dan Mohd. Pozi Haji Masurori -- Kesusasteraan Islam dari sudut pandangan Ali Ahmad / Siti Hajar Che Man -- Unsur kerohanian dalam Janjang iktikaf / Samsina Abdul Rahman -- Jalan ke taman, baris-baris mulia alis murni / Muhammad Haji Salleh -- The missing piece, menghayati falsafah kehilangan dalam Islam / Jelani Harun -- Bauran tradisi dan Islam dalam puisi-catan di Malaysia / Sakinah Abu Bakar. 330 $aEssays on Malay literature; festschrift in honor of Ali Ahmad, a Malaysian author. 606 $aMalay literature$xHistory and criticism 608 $aElectronic books. 615 0$aMalay literature$xHistory and criticism. 676 $a899.2809 700 $aJelani$b Harun$0955953 702 $aJelani Harun$f1962- 801 0$bMiAaPQ 801 1$bMiAaPQ 801 2$bMiAaPQ 906 $aBOOK 912 $a9910467879803321 996 $aJalan ke taman$92163831 997 $aUNINA LEADER 01300nam 2200409 450 001 9910298241403321 010 $a0-12-407245-3 035 $a(CKB)4100000001040072 035 $a(MiAaPQ)EBC5124550 035 $a(PPN)238459640 035 $a(EXLCZ)994100000001040072 100 $a20171211h20182018 uy 0 101 0 $aeng 135 $aurcnu|||||||| 181 $2rdacontent 182 $2rdamedia 183 $2rdacarrier 200 00$aOccupancy estimation and modeling $einferring patterns and dynamics of species occurrence /$fDarryl I. MacKenzie [and five others] 205 $aSecond edition. 210 1$aLondon, England :$cAcademic Press,$d2018. 210 4$d©2018 215 $a1 online resource (668 pages) $cillustrations 311 $a0-12-407197-X 320 $aIncludes bibliographical references and index. 606 $aAnimal populations$xEstimates 606 $aAnimal populations$xMathematical models 615 0$aAnimal populations$xEstimates. 615 0$aAnimal populations$xMathematical models. 676 $a591.524 702 $aMacKenzie$b Darryl I. 801 0$bMiAaPQ 801 1$bMiAaPQ 801 2$bMiAaPQ 906 $aBOOK 912 $a9910298241403321 996 $aOccupancy estimation and modeling$92158515 997 $aUNINA LEADER 03507oas 2201309 a 450 001 9910139951803321 005 20251105213014.0 011 $a1615-3146 035 $a(DE-599)ZDB2010233-1 035 $a(DE-599)2010233-1 035 $a(OCoLC)44807157 035 $a(CONSER) 2009247768 035 $a(CKB)960988195006 035 $a(EXLCZ)99960988195006 100 $a20000817b20002006 sy 101 0 $aeng 135 $aurcnu|||||||| 181 $ctxt$2rdacontent 182 $cc$2rdamedia 183 $acr$2rdacarrier 200 10$aEuropean journal of trauma 210 $a[Munich] $cUrban & Vogel 300 $aRefereed/Peer-reviewed 311 08$a1439-0590 606 $aWounds and injuries$vPeriodicals 606 $aTraumatology$vPeriodicals 606 $aOrthopedic surgery$vPeriodicals 606 $aWounds and injuries 606 $aCritical care medicine 606 $aMedical emergencies 606 $aWounds and Injuries 606 $aCritical Care 606 $aEmergencies 606 $aLe?sions et blessures$vPe?riodiques 606 $aTraumatologie$vPe?riodiques 606 $aChirurgie orthope?dique$vPe?riodiques 606 $aLe?sions et blessures 606 $aSoins intensifs 606 $aUrgences me?dicales 606 $aMedical emergencies$2fast$3(OCoLC)fst01014070 606 $aCritical care medicine$2fast$3(OCoLC)fst00883647 606 $aOrthopedic surgery$2fast$3(OCoLC)fst01048559 606 $aTraumatology$2fast$3(OCoLC)fst01155549 606 $aWounds and injuries$2fast$3(OCoLC)fst01181488 606 $aTraumatologia$2thub 606 $aCirurgia ortopèdica$2thub 608 $aPeriodical. 608 $aperiodicals.$2aat 608 $aPeriodicals.$2fast 608 $aPeriodicals.$2lcgft 608 $aPe?riodiques.$2rvmgf 608 $aRevistes electròniques.$2thub 615 0$aWounds and injuries 615 0$aTraumatology 615 0$aOrthopedic surgery 615 0$aWounds and injuries. 615 0$aCritical care medicine. 615 0$aMedical emergencies. 615 2$aWounds and Injuries. 615 2$aCritical Care. 615 2$aEmergencies. 615 6$aLe?sions et blessures 615 6$aTraumatologie 615 6$aChirurgie orthope?dique 615 6$aLe?sions et blessures. 615 6$aSoins intensifs. 615 6$aUrgences me?dicales. 615 7$aMedical emergencies. 615 7$aCritical care medicine. 615 7$aOrthopedic surgery. 615 7$aTraumatology. 615 7$aWounds and injuries. 615 7$aTraumatologia. 615 7$aCirurgia ortopèdica. 676 $a617.1 712 02$aEuropean Trauma Society 801 0$bOH1 801 1$bOH1 801 2$bOCLCQ 801 2$bMUQ 801 2$bCGU 801 2$bFQM 801 2$bOCLCQ 801 2$bOCL 801 2$bPFM 801 2$bUKMGB 801 2$bOCLCQ 801 2$bOCLCF 801 2$bOCLCQ 801 2$bUAB 801 2$bZ5A 801 2$bOCLCO 801 2$bOCLCQ 801 2$bBUF 801 2$bOCLCO 801 2$bAU@ 801 2$bOCLCO 801 2$bWYU 801 2$bOCLCO 801 2$bOCLCQ 801 2$bOCLCO 801 2$bQGK 801 2$bOCLCO 801 2$bOCLCQ 801 2$bOCL 801 2$bAUD 801 2$bSFB 801 2$bOCLCL 906 $aJOURNAL 912 $a9910139951803321 996 $aEuropean journal of trauma$92289337 997 $aUNINA